| 000 | 00409nam a2200145 4500 | ||
|---|---|---|---|
| 999 |
_c12807 _d12807 |
||
| 008 | 210608b ||||| |||| 00| 0 eng d | ||
| 020 | _a0849301858 | ||
| 082 | 0 | 0 |
_a621.3 _bD719 |
| 100 |
_93871 _aDort, Richard C. |
||
| 245 | 1 | 0 |
_aThe Electrical engineering: handbook / _cby Richard C. Dort |
| 260 |
_aLondon: _bCRC, _c 1993. |
||
| 300 | _axxvii, 2661p. | ||
| 650 | 0 | _aElectrical Engineering | |
| 942 |
_2ddc _cBK |
||